Dizajn a inovácia produktov
Význam dizajnu, jeho vlastnosti a poslanie v procese navrhovania a plánovania produktu. Ciele a funkcie dizajnu a dopad kreativity a dizajnu pri vývoji nových produktov. Hlavný smer dizajnu - vyhovieť potrebám zákazníka.
Salvato in:
| Autore principale: | |
|---|---|
| Natura: | Capitolo di libro |
| Lingua: | slovacco |
| Soggetti: | |
| Tags: |
Nessun Tag, puoi essere il primo ad aggiungerne!!
|
MARC
| LEADER | 00000nla a2200000 4500 | ||
|---|---|---|---|
| 001 | 0213634 | ||
| 005 | 20240502073551.1 | ||
| 041 | 0 | |a slo | |
| 044 | |a SK | ||
| 245 | 1 | 0 | |a Dizajn a inovácia produktov |c Jozef Mlákay |
| 520 | |a Význam dizajnu, jeho vlastnosti a poslanie v procese navrhovania a plánovania produktu. Ciele a funkcie dizajnu a dopad kreativity a dizajnu pri vývoji nových produktov. Hlavný smer dizajnu - vyhovieť potrebám zákazníka. | ||
| 610 | 2 | 0 | |a dizajn priemyselný |
| 610 | 2 | 0 | |a inovácia výrobkov |
| 610 | 2 | 0 | |a politika výrobková |
| 610 | 2 | 0 | |a postupy technologické |
| 610 | 2 | 0 | |a programy výrobné |
| 610 | 2 | 0 | |a kreativita |
| 610 | 2 | 0 | |a ekonomika kreatívna |
| 100 | 1 | |a Mlákay, Jozef | |